| 000 | 05251nam a2201777 c 4500 | ||
|---|---|---|---|
| 001 | a7094136 | ||
| 003 | PE-LiUPU | ||
| 005 | 20250813170013.0 | ||
| 008 | 220411s sp | |||| 000 spa | ||
| 017 |
_aB 15539-2021 _bOficina Depósito Legal Barcelona |
||
| 020 | _a9788413820446 | ||
| 040 |
_aPE-LiUPU _bspa _cPE-LiUPU _erda |
||
| 082 |
_223 _a610.73698 _bP957 |
||
| 245 |
_aPrincipios de enfermería en oncología : _bNuevos retos / _cEditoras: Francoise Charnay-Sonnek y Anne E. Murphy |
||
| 250 | _aPrimera edición | ||
| 264 |
_aBarcelona, España : _bElsevier, _c[2022] |
||
| 264 | _c©2022 | ||
| 300 |
_aXIII, 450 páginas : _bIlustraciones ; _c24 cm. |
||
| 336 |
_aTexto _2rdacontent |
||
| 337 |
_asin mediación _2rdamedia |
||
| 338 |
_avolumen _2rdacarrier |
||
| 504 | _aBibliografía al final de cada capítulo | ||
| 505 | _aFundamentos de la carcinogénesis -- Epidemiología y prevención -- Enfermería basada en la evidencia en el tratamiento básico contra el cáncer: manejo de los efectos secundarios más importantes -- El recorrido de los pacientes con terapias dirigidas -- Inmunoterapia: Nuevos desafíos para la enfermería -- Cirugía robótica -- Competencias relacionales -- Diagnósticos de enfermería específicos de la oncología -- Cómo comunicar un diagnóstico de cáncer: la experiencia francesa -- Educación terapéutica -- Enfermera especialista en cáncer de mama avanzado: un papel clave en el recorrido de la peciente con cáncer de mama metastásico -- Cáncer ginecológico -- El recorrido del paciente con cáncer de próstata: puntos clave para las enfermeras -- Cáncer de begiga y cáncer de riñón -- Manejo de la afecgtación pleural en el cáncer de pulmón metastásico y en el mesotelioma pleural maligno -- Cáncer gástrico -- Cáncer pancreático -- Enfermería basada en la evidencia con pacientes con neoplasias hematológicas -- Enfermería de práctica avanzada: ¿El camino a seguir? Cómo progresar en la especialidad -- Niños con cáncer: la comunicación, un componente esencial de la atención -- Soporte y ayuda a los adolescentes y adultos jóvenes con cáncer -- Personas mayores -- Tumores raros -- Cuidados de soporte en el cáncer -- Asesoramiento genético -- Oncología en etención primaria -- La e-salud y el e-paciente -- El paciente como actor en su tratamiento: toma de decisiones compartida. | ||
| 526 | _aP203 | ||
| 526 | _aP200 | ||
| 526 | _aSEG65 | ||
| 526 | _aSEG64 | ||
| 526 | _aSEG63 | ||
| 526 | _aSEG62 | ||
| 526 | _aSEG61 | ||
| 526 | _aSEG60 | ||
| 526 | _aSEG59 | ||
| 526 | _aSEG58 | ||
| 526 | _aSEG57 | ||
| 526 | _aSEG56 | ||
| 526 | _aSEG55 | ||
| 526 | _aSEG54 | ||
| 526 | _aSEG53 | ||
| 526 | _aSEG52 | ||
| 526 | _aSEG51 | ||
| 526 | _aSEG50 | ||
| 526 | _aSEG49 | ||
| 526 | _aSEG48 | ||
| 526 | _aSEG47 | ||
| 526 | _aSEG46 | ||
| 526 | _aSEG24 | ||
| 526 | _aSEG23 | ||
| 526 | _aSEG22 | ||
| 526 | _aSEG21 | ||
| 526 | _aSEG20 | ||
| 526 | _aSEG19 | ||
| 526 | _aSEG18 | ||
| 526 | _aSEG17 | ||
| 526 | _aSEG16 | ||
| 526 | _aSEG14 | ||
| 526 | _aSEG13 | ||
| 526 | _aSEG12 | ||
| 526 | _aSEG11 | ||
| 526 | _aSEG10 | ||
| 526 | _aSEG09 | ||
| 526 | _aSEG06 | ||
| 526 | _aSEG05 | ||
| 526 | _aSEG04 | ||
| 526 | _aSEG03 | ||
| 526 | _aSEG02 | ||
| 526 | _aSEG68 | ||
| 526 | _aSEG66 | ||
| 526 | _aSEG45 | ||
| 526 | _aSEG25 | ||
| 526 | _aSEG01 | ||
| 526 | _aP163 | ||
| 526 | _aP162 | ||
| 526 | _aP161 | ||
| 526 | _aP160 | ||
| 526 | _aP159 | ||
| 526 | _aP158 | ||
| 526 | _aP157 | ||
| 526 | _aP156 | ||
| 526 | _aP155 | ||
| 526 | _aP154 | ||
| 526 | _aP153 | ||
| 526 | _aP152 | ||
| 526 | _aP151 | ||
| 526 | _aP150 | ||
| 526 | _aP149 | ||
| 526 | _aP142 | ||
| 526 | _aP141 | ||
| 526 | _aP140 | ||
| 526 | _aP139 | ||
| 526 | _aP138 | ||
| 526 | _aP137 | ||
| 526 | _aP132 | ||
| 526 | _aP131 | ||
| 526 | _aP130 | ||
| 526 | _aP126 | ||
| 526 | _aP125 | ||
| 526 | _aP124 | ||
| 526 | _aP123 | ||
| 526 | _aP115 | ||
| 526 | _aP122 | ||
| 526 | _aP121 | ||
| 526 | _aP116 | ||
| 526 | _a P114 | ||
| 526 | _aP112 | ||
| 526 | _aP111 | ||
| 526 | _aP104 | ||
| 526 | _aP103 | ||
| 526 | _aP102 | ||
| 526 | _aP101 | ||
| 526 | _aP100 | ||
| 526 | _aP96 | ||
| 526 | _aP95 | ||
| 526 | _aP93 | ||
| 526 | _aP92 | ||
| 526 | _aP91 | ||
| 526 | _aP88 | ||
| 526 | _aP83 | ||
| 526 | _aP82 | ||
| 526 | _aP79 | ||
| 526 | _aP78 | ||
| 526 | _aP75 | ||
| 526 | _aP74 | ||
| 526 | _aP71 | ||
| 526 | _aP69 | ||
| 526 | _a P51 | ||
| 526 | _aP49 | ||
| 526 | _aP48 | ||
| 526 | _aP47 | ||
| 526 | _aP33 | ||
| 526 | _aP31 | ||
| 526 | _a P30 | ||
| 526 | _aP29 | ||
| 526 | _aP27 | ||
| 526 | _aP26 | ||
| 526 | _aP25 | ||
| 526 | _aP24 | ||
| 526 | _a P22 | ||
| 526 | _aP10 | ||
| 526 | _aP09 | ||
| 526 | _a P08 | ||
| 526 | _aP06 | ||
| 526 | _aP05 | ||
| 526 | _aP04 | ||
| 526 | _aP01 | ||
| 650 | 0 |
_9740 _aCáncer _xCuidados de enfermería |
|
| 700 |
_9742 _aCharnay-Sonnek, Francoise _eeditor |
||
| 700 |
_9745 _aMurphy, Anne E. _eeditor |
||
| 942 |
_2ddc _cBK _n0 |
||
| 956 | _a2 | ||
| 980 |
_618226 _aJaime Vilcazán Jefe de Análisis Documental _81 _gALBERTO SANCHEZ Responsable de Automatización |
||
| 999 |
_c61654 _d61654 |
||